000 00678nam a22002177a 4500
003 0
005 20250124125041.0
008 250124b xxu||||| |||| 00| 0 eng d
020 _a978-1-77469-448-0
050 _aQA 76.9
_b.C66 2023
245 _aConcurrent, parallel, and distributed computing
_cedited by Adele Kuzmiakova
260 _aCanada
_bArcler Press
_c2023
300 _axiv, 236 pages ;
_c24cm.
504 _aIncludes bibliographical references and index.
650 _aParallel processing.
650 _aConcurrent programming.
650 _aDistributed computing.
650 _aDistributed systems.
650 _aComputational models.
942 _2lcc
_cBK
999 _c367054
_d367054